Statistiques concernant Vocabulaire coréen - Jour 2

Cliquez ici pour prendre le quiz!

Statistiques générales

  • Ce quiz a été pris 3 fois
  • Le résultat moyen est 5 sur 12

Statistiques - réponses

HintRéponse% Correct
Mots (H)말씀
67%
Personne (H)
67%
Maison (H)
67%
Nom (H)성함
67%
Donner (H)드리다 (주다)
67%
Age (H)연세
33%
Repas/Nourriture (H)진지
33%
Anniversaire (H)생신
33%
Epouse (H)부인
33%
Parler (H)말씀드리다
33%
Demander (H)여쭈다 (묻다)
0%
Rencontrer (H)뵙다 (보다)
0%

Distribution des résultats

Percentile par nombre de réponses

% des personnes avec chaque résultat

Votre développement - résultats

Vous n’avez pas pris ce quiz